| 000 | 004860000a22001930004500 | ||
|---|---|---|---|
| 001 | 003145 | ||
| 003 | MACL | ||
| 005 | 20151006124317.0 | ||
| 008 | 151006b xxu||||| |||| 00| 0 eng d | ||
| 040 |
_aMACL _cMACL |
||
| 041 | _aEnglish | ||
| 082 | _a910.421/CHA | ||
| 100 |
_aChander, Krishan _98528 |
||
| 245 |
_aSeven Faces Of London _cKrishan Chander |
||
| 260 |
_aDelhi _c2003 _bAsia Publishers, |
||
| 350 | _a150 | ||
| 650 |
_aGeography And Travels _913795 |
||
| 942 |
_k910 _cBK _2ddc |
||
| 999 |
_c15051 _d15051 |
||